Widok standardowy
Widok MARC
Pozycja Personal Name
Liczba rekordów, w których użyto hasła: 1
001 - Numer kontrolny
- control field: 40764
003 - Identyfikator numeru kontrolnego
- control field: NUKAT
005 - Data i czas ostatniej modyfikacji
- control field: 20260428102853.0
008 - Dane kontrolne kodowane (40 znaków)
- fixed length control field: 200924n||a|znnaabn |a aaa |c
010 ## - Numer kontrolny Biblioteki Kongresu
- numer kontrolny LC: n 2020216171
024 7# - OTHER STANDARD IDENTIFIER
- Standard number or code: 223160307283957740920
- Source of number or code: viaf
024 7# - OTHER STANDARD IDENTIFIER
- Standard number or code: 0000000505489586
- Source of number or code: isni
024 7# - OTHER STANDARD IDENTIFIER
- Standard number or code: Q112565259
- Source of number or code: wikidata
040 ## - Instytucja sporządzająca rekord
- inst. przygot. dane do rek. khw: KAT U/DL
- język haseł przedmiotowych/tezaurus: kaba
- inst. wprow. rek. khw: KAT U/DL
- inst. modyf. rek. khw: KAT U/DL
043 ## - Kod obszaru geograficznego
- ISO code: PL
046 ## - Special dates
- Birth date: 1928
- Death date: 2017
100 1# - Hasło - nazwa osobowa
- nazwa osobowa w formie ujednoliconej: Kociuba, Wanda Barbara
- daty biograficzne: (1928-2017).
370 ## - Associated place
- Country: Polska.
- Auth control #: http://nukat.edu.pl/aut/s 94110000
- Source of term: kaba
375 ## - Gender
- Gender: 2
- Source of term: iso5218
377 ## - Assoc lang
- Lang code: pol
400 1# - Trop zob. - nazwa osobowa
- nazwa osobowa (nazwisko, imiona): Kociuba, Wanda
- daty biograficzne: (1928- ).
670 ## - Źródło informacji
- źródło informacji: Pamiętnik z Syberii, Iranu i Libanu / Wanda Barbara Kociuba. - Warszawa, 2020.
675 ## - Źródło nie podające informacji
- wskazanie źródła: BNPol online, 25.09.2020